100 Most popular foods in the world - Statistics

General Stats
  • This quiz has been taken 918 times
  • The average score is 29 of 100
Answer Stats
# Country Food Item % Correct
1 Italy P{izza}
96%
89 Italy P{izza} N{apoletana}
96%
54 Japan Da{shi}
95%
2 Japan S{ushi}
95%
3 USA B{urger}
90%
90 Italy P{izza} M{argherita}
86%
17 USA C{heeseburger}
82%
5 Mexico T{acos}
79%
61 India N{aan}
78%
48 UK Afternoon T{ea}
75%
46 Vietnam P{ho}
64%
4 Japan R{amen}
64%
76 USA Grilled C{heese}
61%
40 USA Fried C{hicken}
59%
11 Italy S{paghetti}
56%
64 USA Chocolate Chip C{ookie}
53%
13 Japan U{don}
51%
85 USA Frozen Y{ogurt}
50%
43 Japan M{iso}
49%
82 Japan M{iso} Soup
49%
86 USA Pulled P{ork}
48%
66 UK F{ish} and C{hips}
47%
16 Spain P{aella}
47%
47 Mex/US B{urrito}
42%
45 USA M{ac} and C{heese}
40%
70 Japan N{ori}
37%
30 South Korea K{imchi}
35%
78 China S{pring} Rolls
33%
22 Italy L{asagna}
32%
8 France C{roissant}
31%
34 Japan S{oba}
31%
74 USA Milk{shake}
30%
91 Italy P{armigiano} Reggiano
30%
9 Mexico T{ortilla}
30%
72 Thailand P{ad} T{hai}
29%
58 Mexico Q{uesadilla}
29%
42 Japan Wag{ashi}
29%
27 Greece F{eta}
28%
35 France Q{uiche}
27%
33 Italy T{agliatelle} al ragù alla B{olognese}
26%
77 Mexico M{ole}
25%
19 Japan Yaki{tori}
25%
39 Italy Pasta c{arbonara}
24%
65 USA D{onut}
23%
67 China M{oon}cake
23%
15 Italy M{ozzarella}
23%
12 Japan S{ashimi}
23%
75 Switzerland F{ondue}
22%
73 Italy T{iramisú}
22%
68 France B{aguette}
21%
57 US/Mex F{ajitas}
21%
51 Lebanon H{ummus}
21%
83 France M{acarons}
21%
50 | 81 Italy R{avioli}
21%
25 Italy R{isotto}
21%
21 India R{oti}
20%
49 Mexico T{amale}
20%
18 USA B{arbecue}
19%
38 Mexico N{achos}
18%
32 China W{onton}
18%
84 Spain C{hurros}
17%
56 Mexico G{uacamole}
17%
63 South Korea B{ibimbap}
16%
96 Spain Cho{rizo}
16%
6 China G{lass} Noodles
16%
92 South Korea K{imbap}
16%
53 Italy P{enne}
16%
80 Italy G{nocchi}
15%
24 Japan M{ochi}
14%
97 Japan Ko{mbu}
13%
52 Italy M{acaroni}
13%
62 South Korea B{ulgogi}
12%
59 Italy G{nocchi}
12%
7 China T{ofu}
12%
37 Japan W{asabi}
12%
69 Peru C{eviche}
11%
20 UK C{heddar}
11%
23 Japan O{nigiri}
11%
93 Italy Br{uschetta}
10%
87 South Korea Ban{chan}
9%
29 Japan G{yoza}
9%
88 Turkey Bö{rek}
8%
31 Italy R{icotta}
8%
36 USA B{rownies}
7%
26 USA C{upcake}
6%
98 USA Pe{pperoni}
6%
10 Japan Yaki{niku}
6%
41 Iran B{iryani}
5%
100 USA F{udge}
5%
71 Brazil Chu{rrasco}
4%
60 India C{hutney}
4%
44 Japan S{habu}-s{habu}
4%
28 China B{aozi}
3%
94 Mexico Bar{bacoa}
3%
79 Indonesia D{urian}
3%
99 South Korea J{eon}
3%
14 China J{iaozi}
3%
55 Japan T{onkatsu}
3%
95 Turkey Don{durma}
1%
No matching quizzes found
Score Distribution
Percent of People with Each Score
Percentile by Number Answered
Your Score History
You have not taken this quiz